00575nam a2200145Ia 4500008004100000100001700041245011300058245006100171260000900232300001100241650001300252856007200265999001900337952007300356170221s9999 xx 000 0 und d aDaniel Watts 4aThe Case of a Newly Implemented Modern Management Accounting System in a Multinational Manufacturing Company cDaniel Watts, P.W. Senarath Yapa, and Steven Dellaportas c2015 a10 : 2 xBusiness uhttp://ro.uow.edu.au/cgi/viewcontent.cgi?article=1483&context=aabfj c313571d313571 001040aCLbCLd2017-02-21l0r2017-02-21 00:00:00w2017-02-21yFOJ